000 00773nam a2200205Ia 4500
003 GCL
008 140319s9999 xx 000 0 ara d
040 _aGCL /
_cGCL
082 0 4 _a372.218
_bم ر
100 1 _aالمنظمة العربية للتربية والثقافة
245 1 0 _aرياض الاطفال فى الوطن العربى?: الواقع والطموح /
_cالمنظمة العربية للتربية والثقافة
700 1 _aالمنظمةالاسلاميةللتربيةوالعلوم
300 _a187 ص
490 _aخطة تربية الطفل العربى
_v0
650 0 4 _aالتربية
650 0 4 _aرياض الاطفال
650 0 4 _aتعليم الاطفال
650 0 4 _aعلم النفس التربوى
942 _2ddc
_cBK
999 _c48435
_d48435